<?xml version="1.0" encoding="UTF-8"?>
<record
    xmlns:xsi="http://www.w3.org/2001/XMLSchema-instance"
    xsi:schemaLocation="http://www.loc.gov/MARC21/slim http://www.loc.gov/standards/marcxml/schema/MARC21slim.xsd"
    xmlns="http://www.loc.gov/MARC21/slim">

  <leader>01137nam a22002657a 4500</leader>
  <controlfield tag="001">4121</controlfield>
  <controlfield tag="003">FISKH</controlfield>
  <controlfield tag="005">20241101120056.0</controlfield>
  <controlfield tag="008">240607b        cb ||||| |||| 00| 0 eng d</controlfield>
  <datafield tag="020" ind1=" " ind2=" ">
    <subfield code="a">9780545248419 </subfield>
  </datafield>
  <datafield tag="040" ind1=" " ind2=" ">
    <subfield code="a">FISKH </subfield>
    <subfield code="b">eng </subfield>
    <subfield code="c">FISKH </subfield>
    <subfield code="d">FISKH </subfield>
  </datafield>
  <datafield tag="050" ind1=" " ind2=" ">
    <subfield code="a">Q163.M975 </subfield>
  </datafield>
  <datafield tag="082" ind1=" " ind2=" ">
    <subfield code="a">502 </subfield>
  </datafield>
  <datafield tag="100" ind1=" " ind2=" ">
    <subfield code="a">Murphy Glenn </subfield>
    <subfield code="d">1957- </subfield>
  </datafield>
  <datafield tag="245" ind1=" " ind2=" ">
    <subfield code="a">Why is snot green? / </subfield>
    <subfield code="c">Glenn Murphy </subfield>
  </datafield>
  <datafield tag="260" ind1=" " ind2=" ">
    <subfield code="a">New York : </subfield>
    <subfield code="b">Scholastic, </subfield>
    <subfield code="c">2010 </subfield>
  </datafield>
  <datafield tag="300" ind1=" " ind2=" ">
    <subfield code="a">236 pages : </subfield>
    <subfield code="b">illustrations, </subfield>
    <subfield code="c">20 cm </subfield>
  </datafield>
  <datafield tag="505" ind1=" " ind2=" ">
    <subfield code="a">U
</subfield>
  </datafield>
  <datafield tag="520" ind1=" " ind2=" ">
    <subfield code="a">Sure a lot of kids want to grow up to be astronauts, but according to scientist Glenn Murphy, even MORE kids want to know what happens to astronaut farts. (Short answer: Not good things!) And they want to know: Why don't all fish die from lightening storms? Why haven't we all been sucked into a black hole? Do animals talk? Told in a back-and-forth conversational style, "Why is Snot Green?" presents science just the way kids want to learn it--with lots of laughter.
</subfield>
  </datafield>
  <datafield tag="521" ind1="8" ind2=" ">
    <subfield code="a">970
</subfield>
    <subfield code="b">Lexile
</subfield>
  </datafield>
  <datafield tag="521" ind1="8" ind2=" ">
    <subfield code="a">U
</subfield>
    <subfield code="b">Raz-Plus
</subfield>
  </datafield>
  <datafield tag="700" ind1=" " ind2=" ">
    <subfield code="a">Glenn Murphy </subfield>
  </datafield>
  <datafield tag="942" ind1=" " ind2=" ">
    <subfield code="2">ddc</subfield>
    <subfield code="c">BK</subfield>
    <subfield code="n">0</subfield>
  </datafield>
  <datafield tag="999" ind1=" " ind2=" ">
    <subfield code="c">4121</subfield>
    <subfield code="d">4121</subfield>
  </datafield>
  <datafield tag="952" ind1=" " ind2=" ">
    <subfield code="0">0</subfield>
    <subfield code="1">0</subfield>
    <subfield code="2">ddc</subfield>
    <subfield code="4">0</subfield>
    <subfield code="7">0</subfield>
    <subfield code="8">NFIC</subfield>
    <subfield code="a">001</subfield>
    <subfield code="b">001</subfield>
    <subfield code="c">SNS</subfield>
    <subfield code="d">2024-06-07</subfield>
    <subfield code="l">0</subfield>
    <subfield code="o">MUR Q163.M975 502 </subfield>
    <subfield code="p">2024-0842</subfield>
    <subfield code="r">2024-06-07 13:42:13</subfield>
    <subfield code="t">1</subfield>
    <subfield code="w">2024-06-07</subfield>
    <subfield code="y">BK</subfield>
  </datafield>
  <datafield tag="952" ind1=" " ind2=" ">
    <subfield code="0">0</subfield>
    <subfield code="1">0</subfield>
    <subfield code="2">ddc</subfield>
    <subfield code="4">0</subfield>
    <subfield code="7">0</subfield>
    <subfield code="8">NFIC</subfield>
    <subfield code="a">001</subfield>
    <subfield code="b">001</subfield>
    <subfield code="c">SNS</subfield>
    <subfield code="d">2024-06-07</subfield>
    <subfield code="l">0</subfield>
    <subfield code="o">MUR Q163.M975 502 </subfield>
    <subfield code="p">FIS05363</subfield>
    <subfield code="r">2024-11-01 12:01:39</subfield>
    <subfield code="t">2</subfield>
    <subfield code="w">2024-06-07</subfield>
    <subfield code="y">BK</subfield>
  </datafield>
</record>
